| 000 | 00834nas a2200289 4500 | ||
|---|---|---|---|
| 001 | BR0900366 | ||
| 003 | BR-BrBNA | ||
| 005 | 20231205113026.0 | ||
| 007 | ta | ||
| 008 | 230509b bl.|||p| |||| 00| 00por d | ||
| 040 |
_aBR-BrBNA _bpor _cBiblioteca Nacional de Agricultura |
||
| 041 | _a(PT) | ||
| 072 | _aL70; F01 | ||
| 100 | 1 | _aJarra, J. | |
| 100 | 1 | _aPachoal, A.T. | |
| 100 | 1 | _aFeijó, H. | |
| 100 | 1 | _aOliveira, A.L.A. | |
| 100 | 1 | _aAntunes, F. | |
| 245 | 1 | _aDescrição da técnica de transplante de coração em cães: estudo experimental | |
| 650 | _aCÃO | ||
| 650 | _aCIRURGIA | ||
| 650 | _aTRANSPLANTE | ||
| 650 | _aCORAÇÃO | ||
| 773 | 0 |
_tA Hora Veterinária (Brazil) _xISSN 0101-9163 _g(May-Jun 2007), v. 27(157) p. 51-57 _wBR0900366 |
|
| 909 |
_a202311 _bLúcia _c55 _dLúcia Elande |
||
| 942 |
_2AGRIS _n0 _cANA |
||
| 999 |
_c201404 _d201404 |
||